|
|
|
|
| LEADER |
01278nam a2200337 a 4500 |
| 001 |
3559806 |
| 003 |
BD-DhAAL |
| 005 |
20230525134011.0 |
| 008 |
120417s1998 enk b 001 0 eng |
| 010 |
|
|
|a 98015016
|
| 020 |
|
|
|a 0192832638 (pbk.)
|
| 040 |
|
|
|a DLC
|c DLC
|d DLC
|d BD-DhAAL
|
| 041 |
1 |
|
|a eng
|
| 050 |
0 |
0 |
|a B3313.J42
|b E5 1998
|
| 082 |
0 |
0 |
|a 193
|2 21
|
| 100 |
1 |
|
|a Nietzsche, Friedrich Wilhelm,
|d 1844-1900.
|
| 240 |
1 |
0 |
|a Jenseits von Gut und Böse.
|l English
|
| 245 |
1 |
0 |
|a Beyond good and evil :
|b prelude to a philosophy of the future /
|c translated and edited by Marion Faber ; with an introduction by Robert C. Holub.
|
| 260 |
|
|
|a Oxford ;
|a New York :
|b Oxford University Press,
|c 1998.
|
| 300 |
|
|
|a xxxi, 198 pages ;
|c 20 cm.
|
| 490 |
1 |
|
|a Oxford world's classics
|
| 504 |
|
|
|a Includes bibliographical references (p. [xxvii]-xviii) and index.
|
| 541 |
|
|
|e 00013988
|
| 650 |
|
0 |
|a Ethics.
|
| 650 |
|
0 |
|a Philosophy.
|
| 700 |
1 |
|
|a Faber, Marion.
|9 54346
|
| 830 |
|
0 |
|a Oxford world's classics (Oxford University Press)
|
| 852 |
1 |
|
|a Ayesha Abed Library
|c General shelf.
|
| 942 |
|
|
|2 ddc
|c BK
|
| 999 |
|
|
|c 12082
|d 12082
|
| 952 |
|
|
|0 0
|1 0
|2 ddc
|4 0
|6 193_NIE
|7 0
|9 20042
|a BRACUL
|b BRACUL
|c GEN
|d 2012-04-17
|l 14
|m 133
|o 193 NIE
|p 3010013988
|r 2026-05-10
|s 2026-05-06
|t 1
|w 2012-04-17
|y BK
|